[Event "British Chess Championships 2023: U16 Championship"]
[Site "De Montfort University, 20 Western Boulevard, Leicester, LE2 7BU"]
[Date "2023.07.27"]
[Round "4"]
[Board "6"]
[White "Sharma, Josh"]
[Black "Buckland, Louis"]
[Result "1/2-1/2"]
[WhiteElo "1624"]
[BlackElo "1650"]
[PlyCount "82"]
[EventDate "2023.07.25"]
[EventRounds "7"]
[EventCountry "ENG"]

1. d4 d5 2. Nc3 Nf6 3. Bf4 c5 4. e4 dxe4 5. dxc5 Qxd1+ 6. Rxd1 e6 7. b4 Bd7 8. Nb5
Bxb5 9. Bxb5+ Nc6 10. a3 Nd5 11. Ne2 Nxf4 12. Nxf4 a5 13. Ne2 Ke7 14. Bxc6 bxc6 15.
Kd2 f5 16. Nd4 Ra6 17. Kc3 g5 18. Kc4 axb4 19. axb4 Bg7 20. Nb3 Be5 21. Na5 Rd8 22.
Rxd8 Kxd8 23. Rd1+ Ke7 24. h3 h5 25. c3 h4 26. Kb3 g4 27. Nc4 Bc7 28. hxg4 fxg4 29.
Nd2 e3 30. fxe3 h3 31. gxh3 gxh3 32. Nf3 h2 33. c4 Ra8 34. Nd4 Rg8 35. Nf3 Rg3 36.
Nxh2 Rxe3+ 37. Ka4 Bxh2 38. b5 Re4 39. Kb3 Re3+ 40. Ka4 Re4 41. Kb3 Re3+  1/2-1/2

[Event "British Chess Championships 2023: U16 Championship"]
[Site "De Montfort University, 20 Western Boulevard, Leicester, LE2 7BU"]
[Date "2023.07.27"]
[Round "4"]
[Board "7"]
[White "Ivan, Austin"]
[Black "Schell, Finn"]
[Result "0-1"]
[WhiteElo "1550"]
[BlackElo "1744"]
[PlyCount "110"]
[EventDate "2023.07.25"]
[EventRounds "7"]
[EventCountry "ENG"]

1. d4 Nf6 2. Bf4 c5 3. d5 d6 4. Nc3 e5 5. Bg3 e4 6. e3 Qa5 7. Qd2 Na6 8. Nxe4 Qxd2+
9. Nxd2 Nxd5 10. O-O-O Nf6 11. Bb5+ Bd7 12. Bxd7+ Kxd7 13. Nc4 Ne4 14. Nh3 Nxg3 15.
hxg3 Be7 16. Nf4 Nc7 17. Nd5 Nxd5 18. Rxd5 b5 19. Na3 Kc6 20. Rhd1 h5 21. Rf5 Raf8
22. b4 h4 23. g4 a6 24. bxc5 dxc5 25. Rf3 c4 26. Nb1 f6 27. c3 Rd8 28. Rxd8 Rxd8
29. Kc2 a5 30. Nd2 Rd3 31. e4 Rxf3 32. Nxf3 Bc5 33. Nxh4 Bxf2 34. Nf5 g5 35. Nd4+
Kc5 36. Ne6+ Kd6 37. Nd4 b4 38. Nf3 Be3 39. Kb2 Bf4 40. Kc2 Be5 41. Nd2 Kc5 42. Nf3
Bxc3 43. a3 Be5 44. axb4+ axb4 45. Kd2 b3 46. Kc1 Kb4 47. Ng1 c3 48. Ne2 Kc4 49.
Ng1 Bf4+ 50. Kd1 c2+ 51. Ke2 c1=Q 52. Nf3 Qe3+ 53. Kd1 Kc3 54. e5 Qd3+ 55. Ke1 Bg3#
 0-1

[Event "British Chess Championships 2023: U16 Championship"]
[Site "De Montfort University, 20 Western Boulevard, Leicester, LE2 7BU"]
[Date "2023.07.27"]
[Round "4"]
[Board "8"]
[White "Sedykh, Stakhey"]
[Black "Patel, Keatan"]
[Result "1/2-1/2"]
[WhiteElo "1635"]
[BlackElo "1536"]
[PlyCount "53"]
[EventDate "2023.07.25"]
[EventRounds "7"]
[EventCountry "ENG"]

1. e4 c6 2. d4 d5 3. exd5 cxd5 4. c4 Nc6 5. Be3 Nf6 6. Nc3 Bf5 7. Nf3 e6 8. c5 Be7
9. Bb5 O-O 10. Qa4 Qc7 11. O-O Ne4 12. Bxc6 Nxc3 13. bxc3 bxc6 14. Ne5 Bxc5 15. g4
Bxg4 16. Nxg4 Bd6 17. f4 f6 18. c4 h5 19. c5 hxg4 20. cxd6 Qxd6 21. Rac1 Rfc8 22.
Qd1 f5 23. Rc3 Kf7 24. Qa4 Ke8 25. Rfc1 Kd7 26. Rb3 Qc7 27. Qa3  1/2-1/2

[Event "British Chess Championships 2023: U16 Championship"]
[Site "De Montfort University, 20 Western Boulevard, Leicester, LE2 7BU"]
[Date "2023.07.27"]
[Round "4"]
[Board "9"]
[White "Kathuria, Khush"]
[Black "Cordova Lopez, Diego Anton"]
[Result "0-1"]
[WhiteElo "1384"]
[BlackElo "1900"]
[PlyCount "48"]
[EventDate "2023.07.25"]
[EventRounds "7"]
[EventCountry "ENG"]

1. e4 c5 2. Nf3 g6 3. d4 cxd4 4. Nxd4 Nc6 5. Bc4 Bg7 6. Be3 Nf6 7. f3 O-O 8. Nc3
Qb6 9. Bb3 Nxe4 10. Na4 Qa5+ 11. c3 Nf6 12. Qd2 d6 13. Nxc6 bxc6 14. O-O-O Bd7 15.
c4 Qxd2+ 16. Rxd2 Be6 17. Rhd1 Nd7 18. Bg5 Rfe8 19. Nc3 Ne5 20. Ba4 Rac8 21. Nd5
cxd5 22. Bxe8 Rxe8 23. cxd5 Bf5 24. f4 Rc8+  0-1

[Event "British Chess Championships 2023: U16 Championship"]
[Site "De Montfort University, 20 Western Boulevard, Leicester, LE2 7BU"]
[Date "2023.07.27"]
[Round "4"]
[Board "10"]
[White "Rich, Aaron"]
[Black "Ewart, Samuel"]
[Result "1-0"]
[WhiteElo "1583"]
[BlackElo "1086"]
[PlyCount "59"]
[EventDate "2023.07.25"]
[EventRounds "7"]
[EventCountry "ENG"]

1. b3 g6 2. Bb2 Nf6 3. e3 Bg7 4. f4 d6 5. Nf3 O-O 6. Bd3 Nbd7 7. f5 e5 8. fxe6 fxe6
9. O-O b6 10. Qe1 Nc5 11. Bc4 d5 12. Be2 Re8 13. Qh4 Qe7 14. Ng5 Bh8 15. Nc3 Rf8
16. Rf2 Ncd7 17. Nb5 Nc5 18. Be5 a6 19. Nd4 Bb7 20. Raf1 c6 21. Ngxe6 Nxe6 22. Nxe6
Qxe6 23. Bxf6 Bxf6 24. Rxf6 Rxf6 25. Rxf6 Qe7 26. Rxg6+ Kf8 27. Qh6+ Ke8 28. Re6
Qxe6 29. Qxe6+ Kf8 30. Bh5  1-0

[Event "British Chess Championships 2023: U16 Championship"]
[Site "De Montfort University, 20 Western Boulevard, Leicester, LE2 7BU"]
[Date "2023.07.27"]
[Round "4"]
[Board "11"]
[White "Quaite, Toby"]
[Black "Burke, Alexander"]
[Result "0-1"]
[WhiteElo "1374"]
[BlackElo "1792"]
[PlyCount "70"]
[EventDate "2023.07.25"]
[EventRounds "7"]
[EventCountry "ENG"]

1. d4 g6 2. c4 Bg7 3. Nc3 d6 4. e4 Nd7 5. Be3 Ngf6 6. f3 O-O 7. Qd2 e5 8. d5 Ne8
9. h4 Ndf6 10. g4 h5 11. Bg5 hxg4 12. h5 gxh5 13. Rxh5 gxf3 14. Rh4 c6 15. Nxf3 Qc7
16. Bh6 Ng4 17. Bxg7 Nxg7 18. Bh3 f5 19. Bxg4 fxg4 20. Ng5 Qe7 21. O-O-O Rf4 22.
Rh8+ Kxh8 23. Qh2+ Nh5 24. Qxh5+ Kg8 25. c5 dxc5 26. d6 Qg7 27. d7 Bxd7 28. Rd6 Be8
29. Qh4 g3 30. Qxg3 Bh5 31. Na4 Rg4 32. Qb3+ Kh8 33. Ne6 Rg1+ 34. Kd2 Rd1+ 35. Qxd1
Qg2+  0-1

[Event "British Chess Championships 2023: U16 Championship"]
[Site "De Montfort University, 20 Western Boulevard, Leicester, LE2 7BU"]
[Date "2023.07.27"]
[Round "4"]
[Board "12"]
[White "Afonso, Davi Diniz"]
[Black "Ananyev, Yaroslav"]
[Result "0-1"]
[WhiteElo "1543"]
[BlackElo "1564"]
[PlyCount "70"]
[EventDate "2023.07.25"]
[EventRounds "7"]
[EventCountry "ENG"]

1. d4 d5 2. Bf4 Nf6 3. e3 c5 4. dxc5 Nc6 5. Bb5 Qa5+ 6. Nc3 Bf5 7. a3 e6 8. b4 Qd8
9. Nge2 Rc8 10. Nd4 Bg6 11. Nxc6 bxc6 12. Ba6 Be7 13. Bxc8 Qxc8 14. Bd6 Bxd6 15.
cxd6 e5 16. O-O O-O 17. b5 Rd8 18. bxc6 Rxd6 19. c7 a6 20. Qd2 Qxc7 21. Rab1 h6 22.
Rb4 d4 23. exd4 exd4 24. Rxd4 Rc6 25. Nd5 Nxd5 26. Rxd5 Rxc2 27. Qa5 Qc4 28. Rfd1
Qg4 29. Qd8+ Kh7 30. Qd7 Qf4 31. R5d2 Rc5 32. Qd6 Qc4 33. Qd4 Qb5 34. Qb4 Qc6 35.
Rd6 Qxd6  0-1

[Event "British Chess Championships 2023: U16 Championship"]
[Site "De Montfort University, 20 Western Boulevard, Leicester, LE2 7BU"]
[Date "2023.07.27"]
[Round "4"]
[Board "13"]
[White "Wills, Jack"]
[Black "Latypova, Olga L"]
[Result "1/2-1/2"]
[WhiteElo "1674"]
[BlackElo "1693"]
[PlyCount "137"]
[EventDate "2023.07.25"]
[EventRounds "7"]
[EventCountry "ENG"]

1. d4 Nf6 2. c4 g6 3. Nc3 d5 4. e3 Bg7 5. Nf3 O-O 6. Be2 c5 7. dxc5 Qa5 8. O-O dxc4
9. Bxc4 Qxc5 10. Qb3 Nc6 11. Qb5 Qxb5 12. Bxb5 Bd7 13. e4 a6 14. Bd3 Rfd8 15. Bc2
h6 16. h3 e5 17. a3 Be6 18. Be3 Nd4 19. Bd1 Nd7 20. Be2 Nc2 21. Rad1 Nxe3 22. fxe3
Nb6 23. Rxd8+ Rxd8 24. Kf2 f6 25. Rc1 Bf8 26. Nd1 Bd6 27. b4 Nd7 28. Nb2 a5 29. Nd3
axb4 30. axb4 Ra8 31. Rc2 Ra4 32. Nc5 Bxc5 33. bxc5 Rxe4 34. Bd3 Ra4 35. c6 bxc6
36. Rxc6 e4 37. Rxe6 exd3 38. Rd6 Nc5 39. Nd2 Ra2 40. Ke1 Kf7 41. Rd5 Rc2 42. Kd1
Ke6 43. Rxd3 Nxd3 44. Kxc2 Ne1+ 45. Kc3 Nxg2 46. Kd4 Nh4 47. Ke4 f5+ 48. Kf4 g5+
49. Kg3 Kd5 50. Kf2 h5 51. Kg3 Ke5 52. Kf2 Kf6 53. Kg3 Ng6 54. Nf3 h4+ 55. Kg2 g4
56. hxg4 fxg4 57. Nh2 Kg5 58. Nf1 Ne7 59. Kh2 Kf5 60. Kg2 Ke4 61. Nh2 g3 62. Nf3
Kxe3 63. Nxh4 Kf4 64. Nf3 Nd5 65. Nd2 Kg4 66. Nf1 Nf4+ 67. Kg1 g2 68. Ne3+ Kg3 69.
Nxg2  1/2-1/2

[Event "British Chess Championships 2023: U16 Championship"]
[Site "De Montfort University, 20 Western Boulevard, Leicester, LE2 7BU"]
[Date "2023.07.28"]
[Round "5"]
[Board "1"]
[White "Evans, Ruben Nangalia"]
[Black "Pal, Rohan"]
[Result "1/2-1/2"]
[WhiteElo "1552"]
[BlackElo "1966"]
[PlyCount "110"]
[EventDate "2023.07.25"]
[EventRounds "7"]
[EventCountry "ENG"]

1. d4 Nf6 2. c4 e6 3. Nf3 d5 4. Nc3 Be7 5. Bf4 O-O 6. e3 b6 7. cxd5 Nxd5 8. Nxd5
Qxd5 9. a3 c5 10. dxc5 Qxc5 11. Rc1 Qa5+ 12. Qd2 Qxd2+ 13. Nxd2 Ba6 14. Bxb8 Bxf1
15. Rxf1 Rfxb8 16. Ke2 Rc8 17. Nf3 Bf6 18. Nd4 Rc5 19. b4 Rh5 20. h3 Bxd4 21. exd4
Rd5 22. Ke3 Rad8 23. Rfd1 e5 24. Ke4 exd4 25. Rc7 f5+ 26. Kf4 d3 27. Re1 Rd4+ 28.
Kg3 R4d6 29. Rc3 d2 30. Rd1 Rd3+ 31. Rxd3 Rxd3+ 32. Kf4 g6 33. g4 Rxh3 34. Rxd2 Rxa3
35. gxf5 gxf5 36. Kxf5 Rb3 37. Rd8+ Kg7 38. Rd7+ Kh6 39. Rxa7 Rf3+ 40. Ke5 Rxf2 41.
Rb7 Kg6 42. Rxb6+ Kg5 43. Rb8 Re2+ 44. Kd4 h5 45. Rg8+ Kh4 46. b5 Rb2 47. Kc5 Kh3
48. b6 h4 49. Kc6 Kh2 50. b7 h3 51. Rb8 Rxb7 52. Kxb7 Kg2 53. Rg8+ Kf2 54. Rd8 h2
55. Rd2+ Kg1  1/2-1/2

[Event "British Chess Championships 2023: U16 Championship"]
[Site "De Montfort University, 20 Western Boulevard, Leicester, LE2 7BU"]
[Date "2023.07.28"]
[Round "5"]
[Board "2"]
[White "Madhavan, Sanjith"]
[Black "Chopra, Manmay"]
[Result "1/2-1/2"]
[WhiteElo "1987"]
[BlackElo "1986"]
[PlyCount "120"]
[EventDate "2023.07.25"]
[EventRounds "7"]
[EventCountry "ENG"]

1. e4 e5 2. Nc3 Nc6 3. Nf3 Nf6 4. Bb5 Bb4 5. O-O O-O 6. d3 d6 7. Bg5 Ne7 8. Ne2 c6
9. Ba4 Ng6 10. c3 Ba5 11. Ng3 h6 12. Be3 d5 13. exd5 Nxd5 14. d4 Nxe3 15. fxe3 Bc7
16. Kh1 exd4 17. exd4 Bxg3 18. hxg3 Qd6 19. Qe1 Bg4 20. Qf2 Rae8 21. Bb3 Be6 22.
Bc2 Bc4 23. Rfe1 Qf6 24. Kg1 Bd5 25. Nh4 Qxf2+ 26. Kxf2 Nxh4 27. gxh4 g6 28. a3 Kg7
29. Bd3 b5 30. a4 Rxe1 31. Kxe1 bxa4 32. Rxa4 Rb8 33. b4 Bxg2 34. Rxa7 Re8+ 35. Kf2
Be4 36. Bc4 Bd5 37. Bxd5 cxd5 38. Ra5 Rd8 39. Kf3 Kf6 40. Rc5 Ke6 41. Ke3 Kd6 42.
Kd3 Ra8 43. Ra5 Rc8 44. Ra6+ Kd7 45. b5 Rg8 46. Ra7+ Ke6 47. Ra6+ Ke7 48. c4 dxc4+
49. Kxc4 g5 50. Ra7+ Kd6 51. Rxf7 g4 52. Rf6+ Ke7 53. Rf2 g3 54. Rg2 Kd6 55. Kd3
Kd5 56. Ke3 Rg4 57. h5 Rg5 58. Kf4 Kxd4 59. b6 Rxh5 60. Rb2 g2  1/2-1/2

[Event "British Chess Championships 2023: U16 Championship"]
[Site "De Montfort University, 20 Western Boulevard, Leicester, LE2 7BU"]
[Date "2023.07.28"]
[Round "5"]
[Board "3"]
[White "Pert, Max P"]
[Black "Sachdeva, Ronit"]
[Result "1/2-1/2"]
[WhiteElo "1936"]
[BlackElo "1717"]
[PlyCount "90"]
[EventDate "2023.07.25"]
[EventRounds "7"]
[EventCountry "ENG"]

1. d4 d5 2. Nc3 Nf6 3. Bf4 Bf5 4. e3 e6 5. Nf3 c6 6. h3 h6 7. Bd3 Bxd3 8. cxd3 Bb4
9. O-O O-O 10. Qb3 Bxc3 11. Qxc3 Nbd7 12. b4 Rc8 13. Rfc1 Qe7 14. Rc2 Ne8 15. b5
Nef6 16. Qa5 cxb5 17. Rxc8 Rxc8 18. Qxa7 Qb4 19. Qxb7 Rc2 20. a4 Qb2 21. Rf1 bxa4
22. Qa8+ Kh7 23. Qxa4 Rc3 24. Ne1 Ra3 25. Qc6 Ra1 26. Qc2 Qxc2 27. Nxc2 Rxf1+ 28.
Kxf1 g5 29. Bg3 Kg6 30. f3 h5 31. Ke2 Nb6 32. e4 Nc8 33. Nb4 Ne7 34. Bd6 Neg8 35.
Kd2 g4 36. h4 gxf3 37. gxf3 Ne8 38. Bc5 Ngf6 39. Ke3 Nc7 40. Kf4 Nfe8 41. Be7 f6
42. Bd8 e5+ 43. dxe5 Ne6+ 44. Kg3 Nxd8 45. Nxd5 fxe5  1/2-1/2

[Event "British Chess Championships 2023: U16 Championship"]
[Site "De Montfort University, 20 Western Boulevard, Leicester, LE2 7BU"]
[Date "2023.07.28"]
[Round "5"]
[Board "4"]
[White "Schell, Finn"]
[Black "Chan, Michelle Ngo Yu"]
[Result "1-0"]
[WhiteElo "1744"]
[BlackElo "1642"]
[PlyCount "87"]
[EventDate "2023.07.25"]
[EventRounds "7"]
[EventCountry "ENG"]

1. e4 e5 2. Nf3 Nc6 3. Bb5 a6 4. Ba4 Nf6 5. d3 b5 6. Bb3 Bc5 7. c3 d6 8. O-O h6 9.
h3 O-O 10. Nbd2 Re8 11. Re1 Ba7 12. Nf1 Be6 13. Bc2 Ne7 14. d4 Ng6 15. g4 Qc8 16.
Ne3 Nf4 17. Kh2 h5 18. g5 Nh7 19. h4 f6 20. gxf6 Nxf6 21. Ng5 Nh7 22. Nxh7 Kxh7 23.
Nd5 Qd8 24. Nxf4 Qxh4+ 25. Kg2 exf4 26. Rh1 Qg5+ 27. Kf1 Bc4+ 28. Ke1 g6 29. Qf3
Rf8 30. b3 Be6 31. Bb2 Qg4 32. Qxg4 Bxg4 33. Kd2 g5 34. Rag1 Kg6 35. c4 Rae8 36.
d5 Bxf2 37. Rxg4 hxg4 38. e5+ Rf5 39. e6 g3 40. Rh8 Re7 41. Rg8+ Kh5 42. Bxf5 g4
43. Bf6 Rh7 44. Bxg4+  1-0

[Event "British Chess Championships 2023: U16 Championship"]
[Site "De Montfort University, 20 Western Boulevard, Leicester, LE2 7BU"]
[Date "2023.07.28"]
[Round "5"]
[Board "5"]
[White "Wynn, Jacob R"]
[Black "Sharma, Josh"]
[Result "1/2-1/2"]
[WhiteElo "1291"]
[BlackElo "1624"]
[PlyCount "55"]
[EventDate "2023.07.25"]
[EventRounds "7"]
[EventCountry "ENG"]

1. e4 e5 2. Nf3 Nc6 3. Bc4 Nf6 4. d3 Bc5 5. c3 d6 6. O-O a5 7. a4 Ba7 8. h3 O-O 9.
Re1 Be6 10. Nbd2 h6 11. Bb3 Bxb3 12. Qxb3 Qd7 13. Nf1 Ne7 14. Ng3 Ng6 15. Bd2 c6
16. Rad1 Qc7 17. Nf5 Rfe8 18. Bc1 Rad8 19. Be3 Bxe3 20. Rxe3 d5 21. Nd2 Nf4 22. Qc2
Re6 23. Nb3 b6 24. Ng3 Red6 25. d4 dxe4 26. Nxe4 Nxe4 27. Qxe4 Ng6 28. Red3  1/2-1/2

[Event "British Chess Championships 2023: U16 Championship"]
[Site "De Montfort University, 20 Western Boulevard, Leicester, LE2 7BU"]
[Date "2023.07.28"]
[Round "5"]
[Board "6"]
[White "Cordova Lopez, Diego Anton"]
[Black "Burke, Alexander"]
[Result "1-0"]
[WhiteElo "1900"]
[BlackElo "1792"]
[PlyCount "85"]
[EventDate "2023.07.25"]
[EventRounds "7"]
[EventCountry "ENG"]

1. e4 c6 2. Nc3 d5 3. Nf3 Bg4 4. d4 e6 5. h3 Bh5 6. exd5 cxd5 7. g4 Bg6 8. Ne5 a6
9. h4 h6 10. Nxg6 fxg6 11. Bd3 Qf6 12. Qe2 Nc6 13. Nxd5 Qf7 14. c3 O-O-O 15. Nf4
Nf6 16. Bxg6 Qd7 17. Nxe6 Qd5 18. Rg1 Rd7 19. Nxf8 Rxf8 20. Bf5 Re8 21. Be3 Kb8 22.
Bxd7 Qxd7 23. O-O-O Qd5 24. Kb1 Ka8 25. Qd3 Ne4 26. Rde1 Ne5 27. Qc2 Nf3 28. Ref1
Nxg1 29. Rxg1 Rf8 30. f4 Re8 31. Bc1 Qc4 32. Re1 Qc6 33. f5 Ka7 34. c4 Nd6 35. d5
Qd7 36. Re6 Rc8 37. Be3+ Ka8 38. b3 Nb5 39. Qd3 Nc7 40. Qd4 b6 41. Rxb6 Rb8 42. Rd6
Nb5 43. Rxd7  1-0

[Event "British Chess Championships 2023: U16 Championship"]
[Site "De Montfort University, 20 Western Boulevard, Leicester, LE2 7BU"]
[Date "2023.07.28"]
[Round "5"]
[Board "7"]
[White "Patel, Keatan"]
[Black "Rich, Aaron"]
[Result "1/2-1/2"]
[WhiteElo "1536"]
[BlackElo "1583"]
[PlyCount "70"]
[EventDate "2023.07.25"]
[EventRounds "7"]
[EventCountry "ENG"]

1. d4 f5 2. g3 Nf6 3. Nf3 e6 4. Bg2 Nc6 5. O-O b6 6. c4 Bb7 7. Bf4 Ne7 8. Nc3 Ng6
9. Bd2 Bb4 10. a3 Bxc3 11. Bxc3 O-O 12. Nd2 Bxg2 13. Kxg2 f4 14. e4 d6 15. e5 dxe5
16. dxe5 Nd7 17. Nf3 Qe7 18. b4 c5 19. b5 Rf5 20. g4 Rf7 21. Qd6 Nh4+ 22. Nxh4 Qxh4
23. f3 Qe7 24. Qxe7 Rxe7 25. h4 Rd8 26. Rad1 Ree8 27. Rd6 Kf7 28. Kh3 Ke7 29. Rfd1
h6 30. h5 Nf8 31. Rxd8 Rxd8 32. Rxd8 Kxd8 33. Bd2 g5 34. hxg6 Nxg6 35. Bc3 Ke7  1/2-1/2

[Event "British Chess Championships 2023: U16 Championship"]
[Site "De Montfort University, 20 Western Boulevard, Leicester, LE2 7BU"]
[Date "2023.07.28"]
[Round "5"]
[Board "8"]
[White "Buckland, Louis"]
[Black "Burnton, Joshua"]
[Result "1-0"]
[WhiteElo "1650"]
[BlackElo "1335"]
[PlyCount "127"]
[EventDate "2023.07.25"]
[EventRounds "7"]
[EventCountry "ENG"]

1. d4 Nf6 2. Bg5 Ne4 3. h4 c5 4. d5 d6 5. Nd2 Nxg5 6. hxg5 e6 7. g6 fxg6 8. c4 Be7
9. e3 O-O 10. Bd3 Nd7 11. Ngf3 Nb6 12. Qc2 exd5 13. O-O-O Bf5 14. e4 dxe4 15. Nxe4
Nd7 16. Rdg1 Ne5 17. Nxe5 dxe5 18. g4 Bxe4 19. Bxe4 Bg5+ 20. Kb1 Qb6 21. Bd5+ Kh8
22. Rh3 Rf6 23. Rb3 Qd6 24. Rxb7 Raf8 25. f3 a6 26. Qc3 Rf4 27. Qa5 Rxf3 28. Bxf3
Rxf3 29. a3 Qd3+ 30. Ka1 Rf1+ 31. Rxf1 Qxf1+ 32. Ka2 Qxc4+ 33. Rb3 h5 34. gxh5 gxh5
35. Qc3 Qxc3 36. Rxc3 Be7 37. Re3 Bf6 38. Kb3 h4 39. Kc4 g5 40. Kxc5 g4 41. Kd5 h3
42. Ke4 Bg5 43. Re1 Bf4 44. Rh1 h2 45. b4 g3 46. Kf3 Kg7 47. Kg2 Kf6 48. a4 Ke6 49.
Rd1 e4 50. b5 axb5 51. a5 Bb8 52. a6 Ba7 53. Kxg3 e3 54. Kxh2 b4 55. Kg2 e2 56. Rb1
Kd5 57. Kf3 Kc4 58. Kxe2 Kb5 59. Ra1 Kc4 60. Kd2 Kb3 61. Kc1 Kc3 62. Kb1 Kb3 63.
Ra5 Kc4 64. Rh5  1-0

[Event "British Chess Championships 2023: U16 Championship"]
[Site "De Montfort University, 20 Western Boulevard, Leicester, LE2 7BU"]
[Date "2023.07.28"]
[Round "5"]
[Board "9"]
[White "Whelan, Joseph"]
[Black "Sedykh, Stakhey"]
[Result "1/2-1/2"]
[WhiteElo "1506"]
[BlackElo "1635"]
[PlyCount "68"]
[EventDate "2023.07.25"]
[EventRounds "7"]
[EventCountry "ENG"]

1. d4 d5 2. Bf4 Nf6 3. c3 g6 4. Nf3 Bg7 5. Ne5 O-O 6. e3 Nbd7 7. Nxd7 Bxd7 8. Nd2
Rc8 9. Bd3 c5 10. h4 Qb6 11. Qb3 Qxb3 12. axb3 a6 13. f3 cxd4 14. exd4 Bc6 15. Bh2
h5 16. Kf2 Nd7 17. f4 Kh7 18. Rae1 Rce8 19. Nf3 Nf6 20. Ne5 Ng4+ 21. Nxg4 hxg4 22.
h5 f5 23. Bg3 e6 24. hxg6+ Kxg6 25. Rh4 Kf7 26. Ke3 Rh8 27. b4 Bf6 28. Rxh8 Rxh8
29. b3 Re8 30. Kd2 Re7 31. Ra1 Re8 32. b5 axb5 33. Ra7 Rb8 34. Bf2 Bd8  1/2-1/2

[Event "British Chess Championships 2023: U16 Championship"]
[Site "De Montfort University, 20 Western Boulevard, Leicester, LE2 7BU"]
[Date "2023.07.28"]
[Round "5"]
[Board "10"]
[White "Ananyev, Yaroslav"]
[Black "Ivan, Austin"]
[Result "0-1"]
[WhiteElo "1564"]
[BlackElo "1550"]
[PlyCount "54"]
[EventDate "2023.07.25"]
[EventRounds "7"]
[EventCountry "ENG"]

1. d4 d5 2. c4 e6 3. Nf3 c5 4. cxd5 exd5 5. Bg5 f6 6. Bd2 Nc6 7. e3 cxd4 8. Nxd4
Nxd4 9. exd4 Bd6 10. Bb5+ Bd7 11. Qa4 a6 12. Bxd7+ Qxd7 13. Qxd7+ Kxd7 14. Nc3 Ne7
15. O-O b5 16. Rfb1 Rac8 17. Rc1 Rc6 18. a3 Rhc8 19. Ne2 Rc2 20. Rd1 Rxb2 21. Kf1
Rcc2 22. Bc3 Ra2 23. Rxa2 Rxa2 24. Bb4 Bxb4 25. axb4 Rb2 26. Ra1 Rxb4 27. Rxa6 Rb1+
 0-1

[Event "British Chess Championships 2023: U16 Championship"]
[Site "De Montfort University, 20 Western Boulevard, Leicester, LE2 7BU"]
[Date "2023.07.28"]
[Round "5"]
[Board "11"]
[White "Latypova, Olga L"]
[Black "Sengupta, Sohana"]
[Result "1/2-1/2"]
[WhiteElo "1693"]
[BlackElo "1242"]
[PlyCount "105"]
[EventDate "2023.07.25"]
[EventRounds "7"]
[EventCountry "ENG"]

1. e4 c5 2. Nf3 Nc6 3. d4 cxd4 4. Nxd4 g6 5. c4 Nf6 6. Nc3 Nxd4 7. Qxd4 d6 8. Be2
Bg7 9. f3 O-O 10. Qd1 Be6 11. Be3 a6 12. O-O Qa5 13. Qd2 Rfe8 14. Rac1 Rac8 15. b3
Bd7 16. c5 Rc6 17. b4 Qxb4 18. Rb1 Qa5 19. Rxb7 Be6 20. Rb6 Bd7 21. Rxc6 Bxc6 22.
cxd6 exd6 23. Rc1 Rd8 24. Qd3 Bb7 25. Rb1 Rd7 26. Rb6 Qa3 27. Kf2 Kh8 28. Rb3 Qa5
29. Qb1 Qc7 30. Bb6 Qc6 31. Nd1 Kg8 32. Ra3 Qc8 33. Qd3 Qa8 34. Ne3 Bf8 35. Rb3 Ne8
36. Qd2 Nc7 37. Qa5 Qb8 38. Bd4 Qe8 39. Nc4 Re7 40. Nxd6 Qd7 41. Rxb7 Qxd6 42. Bc5
Qe5 43. Qb6 Re6 44. Qxc7 Bxc5+ 45. Ke1 Qa1+ 46. Kd2 Rd6+ 47. Kc2 Qxa2+ 48. Rb2 Qa4+
49. Kb1 Rd1+ 50. Bxd1 Qxd1+ 51. Ka2 Qa4+ 52. Kb1 Qd1+ 53. Ka2  1/2-1/2

[Event "British Chess Championships 2023: U16 Championship"]
[Site "De Montfort University, 20 Western Boulevard, Leicester, LE2 7BU"]
[Date "2023.07.28"]
[Round "5"]
[Board "12"]
[White "Wills, Jack"]
[Black "Quaite, Toby"]
[Result "1-0"]
[WhiteElo "1674"]
[BlackElo "1374"]
[PlyCount "47"]
[EventDate "2023.07.25"]
[EventRounds "7"]
[EventCountry "ENG"]

1. d4 Nf6 2. c4 e6 3. Nf3 b6 4. Bf4 c5 5. e3 Bb7 6. Nc3 cxd4 7. exd4 Bb4 8. Be2 Ne4
9. Qc2 O-O 10. O-O f5 11. a3 Bxc3 12. bxc3 Nc6 13. Nd2 Na5 14. c5 bxc5 15. dxc5 g5
16. Bd6 Nxd2 17. Qxd2 Nb3 18. Qb2 Nxa1 19. Qxb7 Qf6 20. Bxf8 Rxf8 21. Rxa1 Qxc3 22.
Rb1 Qxa3 23. Qxd7 Qa2 24. Rb7  1-0

[Event "British Chess Championships 2023: U16 Championship"]
[Site "De Montfort University, 20 Western Boulevard, Leicester, LE2 7BU"]
[Date "2023.07.28"]
[Round "5"]
[Board "13"]
[White "Ewart, Samuel"]
[Black "Afonso, Davi Diniz"]
[Result "0-1"]
[WhiteElo "1086"]
[BlackElo "1543"]
[PlyCount "58"]
[EventDate "2023.07.25"]
[EventRounds "7"]
[EventCountry "ENG"]

1. d4 Nf6 2. Nf3 g6 3. Bf4 Bg7 4. e3 c6 5. c4 d6 6. Nc3 Nh5 7. Bg3 Nxg3 8. fxg3 O-O
9. Be2 c5 10. O-O Nc6 11. Qd2 cxd4 12. exd4 Qb6 13. Rfd1 Bg4 14. Kh1 Bxf3 15. d5
Bxc3 16. bxc3 Bxe2 17. Qxe2 Ne5 18. a4 Qa6 19. Rd4 Rfc8 20. Rf4 Rxc4 21. Rxc4 Qxc4
22. Qd2 Rc8 23. h4 Qxc3 24. Qxc3 Rxc3 25. Rb1 Rc7 26. a5 f5 27. Rf1 Kf7 28. Kg1 Ng4
29. h5 Rc5  0-1

[Event "British Chess Championships 2023: U16 Championship"]
[Site "De Montfort University, 20 Western Boulevard, Leicester, LE2 7BU"]
[Date "2023.07.28"]
[Round "6"]
[Board "1"]
[White "Chopra, Manmay"]
[Black "Evans, Ruben Nangalia"]
[Result "1/2-1/2"]
[WhiteElo "1986"]
[BlackElo "1552"]
[PlyCount "69"]
[EventDate "2023.07.25"]
[EventRounds "7"]
[EventCountry "ENG"]

1. e4 e6 2. d4 d5 3. Nc3 Nf6 4. e5 Nfd7 5. Nce2 c5 6. c3 Nc6 7. f4 cxd4 8. cxd4 Bb4+
9. Bd2 Qe7 10. Nf3 Nb6 11. Nc3 Nc4 12. Bxc4 dxc4 13. Ne4 f5 14. Nc3 Bxc3 15. bxc3
a6 16. a4 Qc7 17. O-O Ne7 18. Ne1 g6 19. Nc2 b6 20. Ne3 Bb7 21. Bc1 Nd5 22. Nxd5
Bxd5 23. Ba3 Be4 24. Bd6 Qd7 25. Rf2 Ra7 26. Rb2 Rb7 27. Qe1 Qd8 28. Qe2 Bd3 29.
Qf3 Be4 30. Qe2 Bd3 31. Qf3 Be4 32. Qh3 h5 33. Qg3 Kf7 34. h4 Qd7 35. Qe1  1/2-1/2

[Event "British Chess Championships 2023: U16 Championship"]
[Site "De Montfort University, 20 Western Boulevard, Leicester, LE2 7BU"]
[Date "2023.07.28"]
[Round "6"]
[Board "2"]
[White "Pal, Rohan"]
[Black "Pert, Max P"]
[Result "1/2-1/2"]
[WhiteElo "1966"]
[BlackElo "1936"]
[PlyCount "47"]
[EventDate "2023.07.25"]
[EventRounds "7"]
[EventCountry "ENG"]

1. e4 g6 2. d4 Bg7 3. Nc3 c6 4. Nf3 d5 5. e5 Bg4 6. h3 Bxf3 7. Qxf3 Qb6 8. Qd3 e6
9. f4 Ne7 10. g4 Nd7 11. Be3 Qa5 12. Qd2 a6 13. Ne4 Qxd2+ 14. Nxd2 f6 15. O-O-O fxe5
16. dxe5 O-O 17. Nb3 Rae8 18. Nd4 Nc8 19. Bg2 Bh6 20. g5 Bg7 21. h4 Rf7 22. Bh3 Rfe7
23. c4 Ncb6 24. cxd5  1/2-1/2